00760nam a2200193 a 450000100100000000500170001000800410002702000150006804000250008308200180010811000720012624501240019826000300032230000440035250000410039650000560043770000380049371000350053100002443920200930023156.0110127s1995 sp abc r 001 0 spa d a8420694509 aDO-SdBNPbspacBNPHU axxxxxxbA469s1 aAlto Comisionado de las Naciones Unidas para los Refugiados (ACNUR)13aLa situación de los refugiados en el mundo 1995 :ben busca de soluciones /ctraducción Carmen Torrente Martínez. aMadrid :bAlianza,c1995. a266 p. :bil., mapas., retrs. ;c25 cm. aIncluye bibliografía p. [259-263]. aIncluye índice de países en orden alfabético.1 aTorrente Martínez, Carmen,etr.1 aMinisterio de Asuntos Sociales